000
00236nam a2200097Ia 4500
005
20251222114344.0
008
251222s1900||||xx |||||||||||||| ||spa||
082
_a
DVD0192/U61S/2000
245
0
_a
Conferencia: ética y bioética:
942
_c
DVD
999
_c
978
_d
978